Przetłumacz na angielski Poziom C1 - Statystyki

Ogólne statystyki
  • Ten quiz został rozwiązany 1 660 razy
  • Średni wynik to 6 z 20
Statystyki odpowiedzi
Hint Odpowiedź % Poprawnych
rozmiar size
86%
wołowina beef
82%
trójkąt triangle
76%
oddychać breathe
54%
wszechświat universe
51%
panna młoda bride
50%
zakonnica nun
50%
imbir ginger
45%
kurz dust
43%
wózek widłowy forklift
19%
prostownica straightener
17%
strunowy string
15%
wyprzedzić overtake
14%
kocioł cauldron
10%
fundusz inwestycyjny investment fund
10%
kopyta hooves
8%
drenaż drainage
5%
obwód circuit
4%
egzekwować enforce
4%
przedziurawić perforate
2%
Nie znaleziono quizów pasujących do podanych kryteriów
Rozkład punktacji
Procent ludzi z każdym wynikiem
Percentyl według liczby udzielonych odpowiedzi
Twoja historia wyników
Nie rozwiązałeś tego quizu